Pokémon on C - Statistics

General Stats
  • This quiz has been taken 9 times
  • The average score is 30 of 86
Answer Stats
Picture Answer % Correct
Caterpie
100%
Celebi
88%
Chansey
88%
Charizard
88%
Charmander
88%
Charmeleon
88%
Cacturne
75%
Camerupt
75%
Carbink
75%
Cascoon
63%
Castform
63%
Chatot
63%
Clefairy
63%
Cleffa
63%
Cloyster
63%
Crobat
63%
Cubone
63%
Cyndaquil
63%
Cacnea
50%
Carvanha
50%
Chandelure
50%
Cherrim
50%
Clamperl
50%
Claydol
50%
Clefable
50%
Combee
50%
Combusken
50%
Croagunk
50%
Croconaw
50%
Carnivine
38%
Celesteela
38%
Charjabug
38%
Cherubi
38%
Chesnaught
38%
Chespin
38%
Chimchar
38%
Corphish
38%
Cosmoem
38%
Cosmog
38%
Crabominable
38%
Cubchoo
38%
Cutiefly
38%
Calyrex
25%
Carracosta
25%
Ceruledge
25%
Cetitan
25%
Cetoddle
25%
Chien-Pao
25%
Chinchou
25%
Chingling
25%
Cinderace
25%
Clodsire
25%
Cobalion
25%
Cofagrigus
25%
Corsola
25%
Corviknight
25%
Cottonee
25%
Cradily
25%
Crawdaunt
25%
Cresselia
25%
Capsakid
13%
Carkol
13%
Centiskorch
13%
Charcadet
13%
Chewtle
13%
Chi-Yu
13%
Cinccino
13%
Clawitzer
13%
Clobbopus
13%
Coalossal
13%
Comfey
13%
Corvisquire
13%
Crabrawler
13%
Cryogonal
13%
Cufant
13%
Cursola
13%
Cyclizar
13%
Chikotra
0%
Chimecho
0%
Clauncher
0%
Conledurr
0%
Copperajah
0%
Cramorant
0%
Cranidos
0%
Crocalor
0%
Crustle
0%
No matching quizzes found
Score Distribution
Percent of People with Each Score
Percentile by Number Answered
Your Score History
You have not taken this quiz